Sports Quiz

Random Sports or Cricket Quiz

England Twenty20 Players Since 2010 Quiz Stats

 Plays Quiz not verified by Sporcle

Challenge
Share
Tweet
Embed
Score 0/44 Timer 07:00
0 Plays Today
Matches Name % Correct
38Stuart Broad
96.3%
17Kevin Pietersen
93.5%
50Eoin Morgan
89.7%
30Graeme Swann
88.3%
26Craig Kieswetter
86.4%
3Ian Bell
86%
13Paul Collingwood
85.5%
39Jos Buttler
84.1%
36Alex Hales
84.1%
9Moeen Ali
82.5%
28Michael Lumb
81.3%
30Ravi Bopara
80.8%
2Jonathan Trott
79.4%
1Liam Plunkett
78%
2Matt Prior
77.6%
35Luke Wright
76.2%
19Jonny Bairstow
75.2%
20Steven Finn
75.2%
31Tim Bresnan
74.8%
1Adil Rashid
73.3%
12Joe Root
72.4%
5Jason Roy
71.3%
Matches Name % Correct
34Jade Dernbach
71%
17James Tredwell
67.3%
9Chris Jordan
66.7%
4David Willey
65%
18Samit Patel
62.1%
10Ryan Sidebottom
62.1%
3James Vince
62%
1Michael Carberry
57.7%
8Chris Woakes
57.5%
3Sam Billings
56.7%
8Ben Stokes
53.7%
11Michael Yardy
50%
1Mark Wood
50%
2Boyd Rankin
44.5%
7Danny Briggs
43.5%
2Harry Gurney
39.2%
4Steven Davies
38.8%
1Scott Borthwick
38.8%
3Ajmal Shahzad
35.5%
5Stephen Parry
34%
2Stuart Meaker
29.4%
2Joe Denly
22.9%

You're not logged in!

Compare scores with friends on all Sporcle quizzes.
OR
Log In

You Might Also Like...

Show Comments

Extras

Top Quizzes Today


Score Distribution

Your Account Isn't Verified!

In order to create a playlist on Sporcle, you need to verify the email address you used during registration. Go to your Sporcle Settings to finish the process.

Report this User

Report this user for behavior that violates our Community Guidelines.

Details: